Loading...
| Science - Other | 4 | 2 | 1 | 0 | 75 | 40 | 61.50 | 4 | 6 | 0.00 | 0.00 |
| Social Science | 2 | 1 | 0 | 0 | 40 | 47 | 61.67 | 1 | 3 | 5.56 | 17.50 |
| History - American | 0 | 4 | 0 | 2 | 40 | 96 | 119.75 | 2 | 4 | 17.20 | 22.50 |
| Geography | 0 | 2 | 0 | 1 | 20 | 92 | 117.50 | 0 | 2 | 6.93 | 12.50 |
| Current Events | 1 | 0 | 0 | 0 | 15 | 40 | 40.00 | 1 | 1 | 24.00 | 31.25 |
| History - Ancient/Other | 1 | 0 | 0 | 0 | 15 | 61 | 61.00 | 0 | 1 | 0.00 | 0.00 |
| History - European | 1 | 0 | 0 | 0 | 15 | 73 | 73.00 | 1 | 1 | 0.00 | 0.00 |
| History - World | 0 | 2 | 1 | 1 | 15 | 107 | 116.00 | 1 | 2 | 21.95 | 52.50 |
| Literature - European | 0 | 1 | 0 | 0 | 10 | 124 | 124.00 | 0 | 1 | 1.86 | 2.50 |
| Philosophy | 0 | 1 | 0 | 0 | 10 | 77 | 77.00 | 0 | 1 | 0.00 | 0.00 |
| Science - Chemistry | 0 | 1 | 0 | 0 | 10 | 95 | 95.00 | 0 | 1 | 3.24 | 15.63 |
| Literature - American | 0 | 1 | 0 | 0 | 10 | 142 | 142.00 | 0 | 1 | 0.00 | 0.00 |
| Fine Arts - Other | 0 | 1 | 0 | 0 | 10 | 141 | 141.00 | 0 | 1 | 0.00 | 0.00 |
| Science - Physics | 0 | 1 | 1 | 0 | 5 | 77 | 77.00 | 0 | 1 | 2.52 | 10.00 |
| Science - Biology | 0 | 1 | 1 | 0 | 5 | 83 | 83.00 | 1 | 1 | 5.76 | 10.00 |
| Mythology | 0 | 0 | 1 | 0 | -5 | 0.00 | 0 | 0 | 0.00 | 0.00 | |
| Religion | 0 | 0 | 1 | 0 | -5 | 0.00 | 0 | 0 | 0.00 | 0.00 |